European Geographic Groups of Three #2 - Statistics

General Stats
  • This quiz has been taken 1,643 times
    1,584 since last reset
  • The average score is 19 of 27
Answer Stats
Hint Answer % Correct
Countries ending in N Sweden
96%
Countries bordering Norway Sweden
96%
Countries of the UK, making up Great Britain England
94%
Countries of the UK, making up Great Britain Scotland
94%
Countries of the UK, making up Great Britain Wales
94%
Countries bordering Norway Finland
93%
Biggest Cities in Poland Warsaw
92%
Alphabetically Last United Kingdom
91%
Countries bordering Norway Russia
87%
Biggest Islands Great Britain
80%
Biggest Islands Iceland
79%
Biggest Islands Ireland
77%
Countries ending in N Spain
72%
Longest Rivers in Germany Rhine
71%
Biggest Cities in Poland Kraków
70%
Alphabetically Last Vatican City
69%
Capital Cities starting with A Amsterdam
67%
Alphabetically Last Ukraine
67%
Longest Rivers in Germany Danube
64%
Capital Cities starting with A Athens
61%
Capital Cities starting with A Andorra la Vella
60%
Countries ending in N Liechtenstein
48%
DOS / DACH Countries Switzerland
44%
DOS / DACH Countries Austria
42%
DOS / DACH Countries Germany
40%
Longest Rivers in Germany Elbe
35%
Biggest Cities in Poland Łódź
25%
No matching quizzes found
Score Distribution
Percent of People with Each Score
Percentile by Number Answered
Your Score History
You have not taken this quiz since the last reset